| 000 | 00575nam a2200193Ia 4500 | ||
|---|---|---|---|
| 003 | GCL | ||
| 008 | 140319s9999 xx 000 0 ara d | ||
| 040 |
_aGCL / _cGCL |
||
| 082 | 0 | 4 |
_aق _b962.052 _bم ا |
| 100 | 1 | _aمحمد السباعى | |
| 245 | 1 | 0 |
_aابطال مصر / _cمحمد السباعى |
| 300 | _a301 ص | ||
| 490 |
_a100 قصة _v0 |
||
| 650 | 0 | 4 | _aالسياسة - تاريخ |
| 650 | 0 | 4 | _aعبدالخالق ثروت |
| 650 | 0 | 4 | _aالوزراء - تاريخ |
| 650 | 0 | 4 | _aمصر - تاريخ - العصر الحديث (1805 - 1956 ) |
| 942 |
_2ddc _cBK |
||
| 999 |
_c46367 _d46367 |
||